| 000 | 00728nam a2200265 i 4500 | ||
|---|---|---|---|
| 001 | 9606 | ||
| 003 | ES-MaACL | ||
| 005 | 20230906145723.0 | ||
| 007 | t| | ||
| 008 | 931111s1993 sp ||||1| spa d | ||
| 020 | _a84-7658-392-3 | ||
| 080 | _a165 | ||
| 100 | 1 |
_aUrsua, Nicanor. _9112261 |
|
| 245 | 1 | 0 |
_aCerebro y conocimiento _b: un enfoque evolucionista / _cNicanor Ursua. |
| 250 | _a[1ยช ed.]. | ||
| 260 |
_aBarcelona : _bAnthropos, _c1993. |
||
| 300 |
_a377 p. ; _c20 cm. |
||
| 490 | 1 |
_aNueva ciencia ; _v10 |
|
| 500 | _aIndice. | ||
| 504 | _aBibliogr.: p. 337-362. | ||
| 650 | 4 |
_aConocimiento. _911281 |
|
| 830 | 0 |
_aNueva ciencia ; _v10 _9177424 |
|
| 852 |
_aES-MaACL _jL-17044 _bR.121482 |
||
| 999 |
_c9606 _d9606 |
||